00969cam a2200289 i 4500001000300000003000400003005001700007008003900024015001800063020001500081040001400096080000700110080000900117100004900126245006800175250001200243260006300255300005500318504001200373521005700385650001100442655001700453700004800470700002900518710003400547856009800581bgBPK20191002090807.0970510s1995 pl a f |001 0 pol aPB 1995/10241 a8301087951 aWA NcBPK a53 a(07)1 aHerman, Marian Augustynd(1936-2015).eAutor10aPodstawy fizyki /cM. A. Herman, A. Kalestyński, L. Widomski. aWyd. 6. aWarszawa :bWydaw. Naukowe PWN,c1995e(Wroc. :fPras.ZG). a698, [2] s., [2] k. tabl. :brys., wykr. ;c24 cm. aIndeks. aDla kandydatów na wyższe uczelnie i studentów. 4aFizyka 4aPodręcznik1 aKalestyński, Andrzejd(1927-2016).eAutor1 aWidomski, Leszek.eAutor2 aWydawnictwo Naukowe PWN4pbl. uhttp://koha.tu.koszalin.pl/cgi-bin/koha/opac-detail.pl?biblionumber=24472yKatalog online BPK